[Event "89_| Campeonato Brasileiro 2023"]
[Site "Recife"]
[Date "2023.12.18"]
[Round "8.8"]
[White "Mekhitarian, Krikor Sevag"]
[Black "Gauche, Charles"]
[Result "1-0"]
[WhiteElo "2559"]
[BlackElo "2142"]
[PlyCount "73"]
[EventDate "2023.??.??"]
[EventCountry "BRA"]
[TimeControl "90+30"]
[WhiteClock "0:04:48"]
[BlackClock "0:32:06"]

{[%evp 18,73,73,23,32,23,32,32,40,37,45,29,39,44,63,59,66,51,73,70,120,87,137,
142,225,234,319,305,496,483,482,482,516,520,518,500,493,515,478,407,503,503,
499,502,547,545,555,553,585,569,623,617,665,615,677,658,703,667]} 1. e4 {
[%emt 0:00:00]} e5 {[%emt 0:00:00]} 2. Nf3 {[%emt 0:00:00]} Nc6 {[%emt 0:00:00]
} 3. Bb5 {[%emt 0:00:00]} Nf6 {[%emt 0:00:00]} 4. O-O {[%emt 0:00:00]} d6 {
[%emt 0:00:00]} 5. d4 {[%emt 0:00:00]} Bd7 {[%emt 0:00:00]} 6. Nc3 {[%emt 0:00:
00]} exd4 {[%emt 0:00:00]} 7. Nxd4 {[%emt 0:00:00]} Nxd4 {[%emt 0:00:00]} 8.
Bxd7+ {[%emt 0:00:00]} Qxd7 {[%emt 0:00:00]} 9. Qxd4 {[%emt 0:00:00]} Be7 {
[%emt 0:00:00]} 10. b3 {[%emt 0:00:00]} O-O {[%emt 0:00:00] C62: Ruy Lopez:
Steinitz Defence.} 11. Bb2 {[%emt 0:00:00]} c6 {[%emt 0:00:00]} 12. Rad1 {
[%emt 0:00:00]} Qe6 {[%emt 0:00:00] White is slightly better.} 13. Rfe1 {
[%emt 0:00:00]} Rfd8 {[%emt 0:00:00]} 14. h3 {[%emt 0:00:00]} Ne8 $146 {
[%emt 0:00:00]} ({Predecessor:} 14... a5 15. Qe3 h6 16. f4 b5 17. Qf3 Qd7 18.
e5 Qa7+ 19. Kh2 dxe5 20. fxe5 Qc7 21. Qg3 Nd5 22. Ne4 g6 23. c4 bxc4 24. bxc4
Nb6 25. Nd6 Rab8 26. Nxf7 {1-0 (26) Lukacs,A (1929)-Vitalyos,M (2076) Budapest
2018}) 15. f4 {[%emt 0:00:00]} Bf6 {[%emt 0:00:00]} 16. Qf2 {[%emt 0:00:00]}
Qe7 {[%emt 0:00:00]} 17. a4 {[%emt 0:00:00]} a5 {[%emt 0:00:00]} 18. Rd3 {
[%emt 0:00:00]} Qc7 {[%emt 0:00:00]} 19. Ba3 {[%emt 0:00:00]} Bxc3 {[%emt 0:00:
00]} 20. Rxc3 {[%emt 0:00:00]} Nf6 {[%eval 225,22] [%emt 0:00:00]} (20... Rd7
$16 {[%eval 142,27] was necessary.} 21. Bb2 Re7) 21. Rg3 $18 {[%emt 0:00:00]}
Kh8 {[%emt 0:00:00]} 22. Bb2 {[%emt 0:00:00] Strongly threatening Rxg7!} Qe7 $2
{[%eval 496,25] [%emt 0:00:00] [#]} (22... Rg8 {[%eval 305,27]} 23. e5 Nd5) 23.
Rxg7 $3 {[%emt 0:00:00][%mdl 512]} Kxg7 {[%emt 0:00:00]} 24. Qh4 {[%emt 0:00:
00] aiming for Qg5+.} h6 {[%emt 0:00:00] ...d5 is the strong threat.} 25. Re3 {
[%emt 0:00:00]} Rg8 {[%emt 0:00:00]} 26. Bxf6+ {[%emt 0:02:46]} Qxf6 {[%emt 0:
00:00]} 27. Rg3+ {[%emt 0:00:02]} Qg6 {[%emt 0:00:00]} 28. Rxg6+ {[%emt 0:05:
13]} fxg6 {[%emt 0:00:00][%mdl 4096] Endgame KQ-KRR} 29. Qe7+ {[%emt 0:00:07]
[%mdl 64] [#] Double Attack. White is clearly winning.} Kh8 {[%emt 0:00:00]}
30. Qxd6 {[%emt 0:00:30]} Rg7 {[%emt 0:00:00]} 31. e5 {[%emt 0:00:30]} Re8 {
[%emt 0:00:00]} 32. g4 {[%emt 0:00:30]} Kh7 {[%emt 0:00:00]} 33. e6 {[%emt 0:
00:30]} Rge7 {[%emt 0:00:00]} 34. f5 {[%emt 0:00:30] And now f6 would win.} h5
{[%emt 0:00:00]} 35. Kf2 {[%emt 0:00:30]} hxg4 {[%emt 0:00:00]} 36. hxg4 {
[%emt 0:03:34]} gxf5 {[%emt 0:00:00]} 37. gxf5 {[%emt 0:00:30] Accuracy: White
= 84%, Black = 27%.} 1-0

[Event "89_| Campeonato Brasileiro 2023"]
[Site "Recife"]
[Date "2023.12.19"]
[Round "9.1"]
[White "Supi, Luis Paulo"]
[Black "Quintiliano Pinto, Renato Rodrigues"]
[Result "1/2-1/2"]
[WhiteElo "2579"]
[BlackElo "2489"]
[PlyCount "78"]
[EventDate "2023.??.??"]
[EventCountry "BRA"]
[WhiteTeam "BRA"]
[BlackTeam "BRA"]
[TimeControl "90+30"]
[WhiteClock "0:09:42"]
[BlackClock "0:06:32"]

{[%evp 24,78,19,19,15,17,18,22,25,14,25,34,55,34,36,15,131,142,130,150,139,104,
100,7,2,0,9,0,0,0,0,0,0,0,0,0,0,0,0,-34,0,-4,0,-20,0,-3,0,-34,-35,-17,-20,-29,
-18,-27,-36,-55,0]} 1. e4 {[%emt 0:00:00]} c5 {[%emt 0:00:00]} 2. Nf3 {[%emt 0:
00:00]} d6 {[%emt 0:00:00]} 3. d4 {[%emt 0:00:00]} cxd4 {[%emt 0:00:00]} 4.
Nxd4 {[%emt 0:00:00]} Nf6 {[%emt 0:00:00]} 5. Nc3 {[%emt 0:00:00]} a6 {[%emt 0:
00:00]} 6. Be2 {[%emt 0:00:00]} e5 {[%emt 0:00:00]} 7. Nb3 {[%emt 0:00:00]} Be7
{[%emt 0:00:00]} 8. Be3 {[%emt 0:00:00]} Be6 {[%emt 0:00:00]} 9. Nd5 {[%emt 0:
00:00]} Nbd7 {[%emt 0:00:00]} 10. Qd3 {[%emt 0:00:00]} O-O {[%emt 0:00:00]} 11.
O-O {[%emt 0:00:00]} Bxd5 {[%emt 0:00:00]} 12. exd5 {[%emt 0:00:00]} Rc8 {
[%emt 0:00:00]} 13. c4 {[%emt 0:00:00]} a5 {[%emt 0:00:00] B92: Sicilian
Najdorf: 6 Be2.} 14. Kh1 {[%emt 0:00:00]} Re8 {[%emt 0:00:00]} 15. Rad1 {
[%emt 0:00:00]} Bf8 {[%emt 0:00:00] The position is equal.} 16. Nd2 {[%emt 0:
00:00]} g6 {[%emt 0:00:00]} 17. b3 {[%emt 0:00:00][%cal Bb2b3,Bb3b4][%mdl 32]}
Bg7 {[%emt 0:00:00]} 18. a3 {[%emt 0:00:00]} h5 {[%emt 0:00:00]} 19. b4 $146 {
[%emt 0:00:00]} ({Predecessor:} 19. f3 b6 20. b4 axb4 21. axb4 e4 22. fxe4 Ne5
23. Qb3 Neg4 24. Bg5 Qd7 25. Qb1 {1-0 (72) Short,N (2645)-Cheparinov,I (2713)
Wijk aan Zee 2008}) 19... Ng4 {[%eval 131,26] [%emt 0:00:00]} (19... axb4 $11 {
[%eval 15,30] remains equal.} 20. axb4 e4) 20. Bxg4 $1 $16 {[%emt 0:00:00]}
hxg4 {[%emt 0:00:00]} 21. Ne4 {[%emt 0:00:00]} Bf8 {[%emt 0:00:00]} 22. c5 {
[%emt 0:00:00] aiming for Bg5.} f5 {[%emt 0:00:00]} 23. Nxd6 {[%eval 7,31] 
[%emt 0:00:00]} (23. Ng5 $16 {[%eval 100,25]}) 23... Bxd6 $11 {[%emt 0:00:00]}
24. cxd6 {[%emt 0:00:00]} axb4 {[%emt 0:00:00]} 25. axb4 {[%emt 0:00:00]} Qf6 {
[%emt 0:00:00]} 26. Qb5 {[%emt 0:00:00]} Qxd6 {[%emt 0:00:00]} 27. Rc1 {
[%emt 0:00:00]} Rxc1 {[%emt 0:07:42]} 28. Rxc1 {[%emt 0:00:00]} Nf6 {[%emt 0:
00:24]} 29. Qxb7 {[%emt 0:00:00] [#] Black must now prevent Rc7.} Qxd5 {
[%emt 0:00:13]} 30. Qa6 {[%emt 0:00:00]} Rd8 {[%emt 0:02:14]} 31. Re1 {[%emt 0:
00:00]} (31. Qxf6 $2 {[#] gets mated.} Qd1+ $1 {[%mdl 512]} 32. Rxd1 Rxd1#)
31... Rd6 {[%emt 0:00:10]} 32. Qc8+ {[%emt 0:00:00]} Rd8 {[%emt 0:00:12]} 33.
Qa6 {[%emt 0:00:00]} Rd6 {[%emt 0:00:37]} 34. Qc8+ {[%emt 0:00:00]} Kf7 {
[%emt 0:01:32]} 35. Bc5 {[%emt 0:00:00]} Rd8 {[%emt 0:00:27]} 36. Qc7+ {
[%emt 0:00:00]} Rd7 {[%emt 0:00:07]} 37. Qb8 {[%emt 0:00:12]} Rd8 {[%emt 0:00:
35]} 38. Qc7+ {[%emt 0:07:16]} Rd7 {[%emt 0:00:07]} 39. Qb8 {[%emt 0:03:50]}
Rd8 {[%eval 0,62] [%emt 0:00:08] Accuracy: White = 60%, Black = 74%.} ({
Black should play} 39... f4 $1 $15 {[%eval -55,34]}) 1/2-1/2

[Event "89_| Campeonato Brasileiro 2023"]
[Site "Recife"]
[Date "2023.12.19"]
[Round "9.2"]
[White "Pinheiro, Iung Alicio"]
[Black "Do Valle Cardoso, Lucas"]
[Result "0-1"]
[WhiteElo "2274"]
[BlackElo "2352"]
[Annotator "MI Luis Rodi - Stockfish 16 (CB)"]
[PlyCount "48"]
[EventDate "2023.??.??"]
[EventCountry "BRA"]
[WhiteClock "0:02:52"]
[BlackClock "0:44:57"]

{[%evp 21,48,31,38,35,37,41,40,16,21,-59,-55,-50,-56,-115,-119,-183,-197,-188,
-174,-274,-264,-278,-274,-275,-275,-271,-264,-469,-468] O enfrentamento entre
os dois líderes não decepcionou, se produzindo uma grande batalha no
território da variante 6.Be2, escolhida pelo grande mestre Luis Supi para
enfrentar a Siciliana Najdorf de seu colega Renato Quintiliano. As brancas
jogaram um rápido Cd5, e depois de uma troca nesse ponto a recaptura com
peão provocou uma luta entre as maiorias de peões de cada lado. Parecia que
Supi chegava primeiro na carreira das iniciativas, porém Quinti obteve
contrajogo avançando seus peões na ala de rei. A posição foi derivando em
um final equilibrado porém muito complexo, com as brancas tendo um peão
livre afastado e a vantagem de possuir bispo contra cavalo. Mas também dama
e torre por lado, e as das pretas pareciam algo mais ativas, complementando
uma agressiva maioria de peões avançados na ala de rei. O empate foi um
resultado justo. Com esse resultado, a vitória do mestre fide Lucas do Valle
Cardoso sobre seu colega Iung Pinheiro levando as peças pretas em uma Índia
de Dama -o nosso jogo do dia- lhe permitiu se adicionar aos líderes. Na mesa
3 se registrou outra batalha em um dos clássicos do xadrez brasileiro entre
os grandes mestres Alexandr Fier e Krikor Mekhitarian. A partida se registrou
na variante de Rubinstein na Nimzoindia, e teve um desenvolvimento parelho,
onde as ações derivaram em um final com torre e bispos de diferente cor por
lado. Fier obteve alguma iniciativa e um peão a mais. No tenso apuro de tempo
que siguiu, algumas imprecisões foram trocadas -talvez as brancas tiveram em
algum momento chances reais de vitória-, o peão foi avançando e finalmente
se trocou pelo bispo de Krikor. Restou um final puro de torre e bispo contra
torre, que se estendeu por mais de cento e quarenta lances até se declarar
empate. A rodada entregou algumas surpresas, como os empates do cm Luigy Lira
de Sequeira ante o mestre internacional Diego di Berardino, a vitória do mn
Lucas Tomiello contra o grande mestre Yago Santiago e o empate do mn Stefan
Lima ante o grande mestre Everaldo Matsuura. Outro grande mestre, Darcy Lima,
não deu lugar a surpresas e venceu de pretas ao mn Marcio Jordao Barbosa,
recuperando posições na reta final da prova. A rodada 10 -penúltima da
prova- terá os seguintes enfrentamentos nas primeiras mesas: 1) Renato
Quintiliano - Lucas Do Valle Cardoso; 2) Darcy Lima - Luis Supi; 3) Lucas
Tomiello - Alexandr Fier. Temos três líderes -Quintiliano, Supi e Do Valle
Cardoso- e outros três mestres a meio ponto -Fier, Lima e Tomiello-. (MI Luis
Rodi)} 1. d4 Nf6 2. Nf3 e6 3. e3 b6 4. Bd3 Bb7 5. c4 {Depois deste avanço a
abertura fica oficialmente constituída: Estamos numa india da dama. O esquema
branco vai se assemelhar ao esquema Zukertort, com saída de bispo de casas
pretas pelo fiancheto. (MI Luis Rodi)} Be7 {Esta é uma das principais
continuações para as pretas aqui, compartilhando espaço teórico com a
imediata 5... d5, com ideia de desenvolver o bispo de forma mais ativa por d6.
(MI Luis Rodi)} 6. Nc3 (6. O-O O-O 7. Nc3 d5 8. b3 {é outra trilha usual,
desde a partida Potter - Zukertort, londres 1875. (MI Luis Rodi)}) 6... d5 {
[#] A estrutura usual para as pretas, com controle sobre a casa e4, que em
alguns casos pode ser ocupada pelo cavalo. (MI Luis Rodi)} 7. cxd5 (7. O-O O-O
8. b3 {é a mais habitual aqui, mantendo a tensão no centro. Desde a partida
mencionada acima no lance 6 das brancas muita água correu sob a ponte. Um
exemplo moderno é:} Nbd7 9. Qe2 Ne4 10. Bb2 Bb4 11. Rac1 Bxc3 12. Bxc3 Nxc3
13. Rxc3 c5 14. cxd5 Bxd5 15. e4 Bb7 16. Rd1 {Agora com a partida Fedoseev -
Andreikin, Rússia 2017, a forma mais simples de equilibrar é:} cxd4 17. Nxd4
Ne5 $11 {MI Luis Rodi}) 7... exd5 8. O-O O-O 9. b3 Nbd7 10. Bb2 c5 {[#] Mais
cedo ou mais tarde as pretas deveriam fazer este lance, agudizando a luta no
centro e tirando fora o risco de acabar com um peão fraco e atrasado em c7.
Mas as pretas experimentaram na prática também outras ideias, como 10...a6
ou 10....Ce4 (MI Luis Rodi)} 11. Rc1 {Esta é a continuação mais usual. Como
são todos lances muito lógicos, é difícil saber até que ponto ambos os
jogadores estão seguindo teoria por eles conhecida. Uma das possíveis
alternativas nesta posição leva a posições com peões colgantes, um
cenário que tem seu próprio set de dificuldades e que ambos os lados devem
entender. 11.dxc5 bxc5÷ Nakamura - Quintiliano, internet blitz 2020. Se a
estrutura preta está dividida em três blocos e pode se considerar algo
inferior à das brancas, também é certo que o segundo jogar controla mais
espaço aqui. (MI Luis Rodi)} Rc8 {Mais uma vez, a escolha mais usual na
prática. Porém aqui tenho dúvidas sobre a necessidade de fazer este lance.
Talvez 11...Te8!? (Jussupov - Hubner, Munich 1992) possa ser mais útil, com o
intuito de continuar levando o bispo à casa d6. Como na partida, mas salvando
o tempo da passagem da torre a c8. (MI Luis Rodi)} 12. Qe2 {E14: Queen's
Indian: Classical Variation (4 e3).} Re8 13. Rfd1 Bd6 14. Bf5 {Brancas
levemente melhor (Stockfish 16)} (14. dxc5 bxc5 15. Ba6 {merece atenção aqui.
O lance do texto, embora já tenha sido joigado na prática, leva a uma
posição onde as pretas equilibram com facilidade e comodidade. (MI Luis Rodi)
}) 14... a6 15. Bxd7 $146 {Esta troca não somente é desnecessária, mas
também tira do tabuleiro a melhor peça menor das brancas. Na única partida
que chegou nesta posição as brancas jogaram 15. Ca4, porém, também não me
parece convicente porque as pretas dispõem da réplica 15...c4! onde elas
ganham a iniciativa; 15.a4!?= (MI Luis Rodi)} ({Melhor é} 15. Nb1 $11 {
(Stockfish 16)}) ({Predecessor:} 15. Na4 Rc7 16. Nd2 Qe7 17. Bh3 h6 18. Rc2
cxd4 19. Rxc7 Bxc7 20. Bxd4 b5 21. Nb2 {1-0 (52) Ramirez Alvarez,A (2568)
-Kumar,N (2277) Reykjavik 2018}) 15... Qxd7 $15 {As peças menores pretas são
evidentemente superiores às das brancas. (MI Luis Rodi)} 16. Na4 Qd8 $1 17.
dxc5 ({Depois desta troca a posição se deteriora com rapidez. Aqui o melhor
era} 17. Ba3 $1 $15 {mantendo alguma pressão sobre a posição das pretas,
embora não compensando a perda do melhor bispo das brancas. As pretas aqui
mantem uma ligeira vantagem continuando com 17...} Ne4 {17...Cd7 ou c4!?})
17... bxc5 $17 {[%cal Bb6c5,Bc5b4][%mdl 32] [#] Os peões colgantes oferecem
uma vantagem de espaço ao segundo jogador, o que amplifica o poder das peças
ativas menores. A que segue é uma tentativa de mudar o caráter da posição,
porém sem sucesso. (MI Luis Rodi)} 18. b4 $6 (18. Ba3 $17 Qe7 19. h3 {
(Stockfish 16)}) (18. Qd3 h6 19. Nc3 Qa5 $17 {(MI Luis Rodi)}) 18... cxb4 $19 {
Agora a vantagem material se soma às anteriores das pretas. (MI Luis Rodi)}
19. Bd4 {Deste jeito as brancas esperam obter contrajogo, utilizando a casa b6.
} ({A opção} 19. Nd4 Ne4 20. f3 Nc5 {Também não satisfatória. (MILuis
Rodi)}) 19... Ne4 20. Qb2 (20. Nd2 {is a better defense.}) 20... Qa5 $1 $19 {
[#] O jogo de Lucas nesta fase é muito exato, sem se perder em linhas
fantasmas como as que envolvem o cuidado do peão em g7. (MI Luis Rodi)} 21.
Nb6 Rxc1 22. Rxc1 Qb5 23. Qc2 a5 {O erro derradeiro, perdendo mais material.
As alternativas, porém, não saõ boas tambem:} 24. Na4 $2 {[#]} (24. Rb1 {
(Stockfish 16)}) (24. h3 Ba6 {com ideia de ...Tb8 não permitindo iluzões (MI
Luis Rodi)}) 24... Rc8 {Precisão: Brancas 37%, Pretas 100%.} 0-1

[Event "89_| Campeonato Brasileiro 2023"]
[Site "Recife"]
[Date "2023.12.19"]
[Round "9.3"]
[White "Fier, Alexandr"]
[Black "Mekhitarian, Krikor Sevag"]
[Result "1/2-1/2"]
[WhiteElo "2545"]
[BlackElo "2559"]
[Annotator "Stockfish 16 (CB)"]
[PlyCount "286"]
[EventDate "2023.??.??"]
[EventCountry "BRA"]
[WhiteClock "0:09:53"]
[BlackClock "0:04:05"]

{[%evp 23,286,14,19,0,30,-59,17,13,14,-22,15,-22,-13,-39,-55,-139,-10,-80,-84,
-92,0,-12,-14,-3,0,0,0,0,0,0,0,0,0,0,12,2,23,10,12,14,13,14,10,17,21,0,0,0,0,0,
2,2,2,3,3,1,5,3,0,0,0,0,0,0,0,0,0,0,0,-10,-9,-8,-4,-6,-2,-139,-10,-9,-11,-8,
-10,-9,-14,-10,-14,-13,-16,-20,-4,-3,-8,-3,-3,-6,0,0,0,0,0,0,0,0,0,0,0,0,0,0,0,
0,0,0,0,0,0,0,0,0,0,0,0,0,0,0,0,0,0,0,0,0,0,0,0,0,0,0,0,0,0,0,0,0,0,0,0,0,0,0,
0,0,0,0,0,0,0,0,0,0,0,0,8,0,0,0,26,16,17,23,16,16,3110,140,9605,17,16,29,16,16,
16,0,23,126,29966,0,0,0,0,0,0,0,0,0,0,0,0,0,0,0,0,0,0,0,0,0,0,0,0,0,0,0,0,0,0,
0,0,0,0,0,0,0,0,0,0,0,0,0,0,0,0,0,0,0,0,0,0,0,0,0,0,0,0,0,0,0,0,0,0,0,0,0,0,0,
0,0,0,0,0,0,0,0,0,0,0,0,0]} 1. d4 Nf6 2. c4 e6 3. Nc3 Bb4 4. e3 O-O 5. Bd3 d5
6. a3 Bxc3+ 7. bxc3 dxc4 8. Bxc4 c5 9. Nf3 Qc7 10. Be2 b6 11. Bb2 Bb7 12. O-O
Nbd7 {[%cal Bb8d7,Bd7f8,Bf8e6][%mdl 32]} 13. Re1 {E53: Nimzo-Indian:
Rubinstein: Main Line (4...0-0 5 Nf3 d5 6 Bd3 c5 7 0-0).} Rfe8 14. Rc1 (14. c4
$11) 14... e5 (14... c4 $1 $15) 15. Nd2 $11 Rad8 16. Qb3 h6 17. h3 Nf8 18. Bf1
Ne6 $146 ({Predecessor:} 18... Ng6 19. Nc4 Bd5 20. Qc2 Be4 21. Qb3 Bd5 22. Qc2
Be4 23. Qb3 Bd5 24. Qc2 Be4 {1-0 (43) Riazantsev,A (2595)-Suleymanli,A (2481)
Almaty 2022}) 19. Red1 (19. Bb5 $15) 19... Qb8 ({Stronger than} 19... exd4 20.
cxd4 Bc6 21. dxc5 $11) (19... Ng5 $1 $17) 20. dxe5 (20. Nc4 $11) 20... Qxe5 $17
21. c4 Qf5 (21... Qh5 $1 $17) 22. Qc2 $1 $11 {[%cal Rc2f5]} Qxc2 23. Rxc2 Ne4
24. Be2 Kf8 25. Nf1 Bc6 26. Rxd8 Rxd8 27. f3 Ba4 28. Rc1 Nd6 29. Kf2 a6 30. g4
b5 31. Nd2 Nxc4 32. Nxc4 bxc4 33. Bc3 Bb3 34. Ba5 Rb8 35. f4 Ke7 36. h4 Kd6 37.
Bc3 f6 {[#]} 38. g5 $1 {[%mdl 512]} hxg5 (38... fxg5 39. Be5+) 39. hxg5 Rf8 40.
gxf6 gxf6 41. Bb2 Ke7 42. Rh1 Nc7 43. Rh7+ Rf7 44. Rh5 f5 45. Rh6 {Strongly
threatening Bh5.} Nd5 {next ...c3 is good for Black.} 46. Rxa6 c3 47. Bc1 Rf6
48. Ra7+ Kd6 49. Bf3 {[#]} (49. Ra6+ $1 $11 Kd7 50. Ra5) 49... Rf8 (49... Bc2
$1 $17 50. Ra8 Nc7 51. Rd8+ Ke7) 50. Ra6+ $1 Kc7 51. Ra7+ $1 Kd6 52. Ra6+ $1
Kc7 53. Ra7+ $1 Kb6 54. Rd7 Kc6 55. Rh7 Bc4 56. e4 $132 {[%mdl 2048] White
puts up resistance} fxe4 57. Bxe4 Re8 58. Bf3 Rf8 59. a4 Kd6 60. Rh6+ Kc7 61.
Bxd5 Bxd5 {[%mdl 4096] Endgame KRB-KRB} 62. Rh3 Ra8 63. Rxc3 Rxa4 64. Rxc5+ Kd6
65. Rc8 Rc4 66. Ba3+ Ke6 67. Re8+ Kd7 68. Rf8 Rc2+ 69. Ke1 Ke6 70. Re8+ Kf7 71.
Re5 Bc4 72. Bb4 Ra2 73. Bd2 Kf6 74. Rc5 Ra4 75. Bc3+ Ke6 76. Re5+ Kf7 77. Kf2
Be6 78. Kg3 Ra3 79. Rc5 Ra4 80. f5 Ba2 81. Rc7+ Ke8 82. f6 Rc4 83. Re7+ Kf8 84.
Bd2 {Bh6+ would kill now.} Rc6 85. Bh6+ Kg8 86. Rg7+ Kh8 87. Ra7 {And now Bg7+
would win.} Bb3 88. Kg4 Kg8 89. Rg7+ Kh8 90. Rb7 {Hoping for Bg7+.} Be6+ 91.
Kh5 {Black must now prevent Kg6.} Rc5+ (91... Bd5 {with more complications.}
92. Rd7 Be6 93. Re7 Bb3 94. Bd2 Kg8) 92. Bg5 (92. Kg6 {is interesting.} Bf5+
93. Kf7 Kh7 94. Ke7 Kxh6 95. f7) 92... Kg8 93. Kh6 Rc8 94. Kg6 Rf8 95. Rg7+ Kh8
96. Re7 Bc4 $2 {[%mdl 8192]} (96... Bb3 $11) 97. Bh6 $2 (97. Rc7 $18 {has
better winning chances.} Be6 98. Bh6) 97... Ra8 $2 {[%mdl 8192]} (97... Rd8 $16
) 98. Bg7+ $2 ({Better is} 98. Rh7+ $18 Kg8 99. Rg7+ Kh8 100. Rd7) 98... Kg8
99. f7+ Bxf7+ 100. Rxf7 {White threatens Rd7 and mate. KRB-KR} Ra6+ 101. Bf6
Ra2 102. Re7 ({White should play} 102. Rg7+ $11 Kf8 103. Rf7+ Kg8 104. Rc7 Rg2+
105. Bg5) 102... Kf8 $2 {[%mdl 8192] [#]} (102... Rg2+ $16 103. Bg5 Rf2) 103.
Re1 $2 (103. Re6 $1 {mates} Ra8 104. Bg7+ Kg8 105. Be5 Rd8 106. Bc7 Rf8 107.
Bd6 Rd8 108. Rf6) 103... Ra6 {The position is equal.} 104. Rd1 {[%cal Rd1d8]}
Re6 $1 105. Rd2 Re1 106. Rd6 Re2 107. Bg5 Re1 108. Rd7 Re6+ 109. Bf6 Re1 110.
Rh7 {[%cal Rh7h8]} Ke8 111. Kf5 Rb1 112. Rc7 Rb6 113. Re7+ Kf8 114. Ra7 Rb1
115. Bd4 {Intending Ke6 and mate.} Rc1 116. Kg6 Ke8 117. Bf6 Re1 118. Bg5 Re6+
119. Kf5 Rb6 120. Bf4 Rc6 121. Ke5 Rb6 122. Kd5 Rf6 123. Be5 Rf7 124. Ra8+ Kd7
125. Ra6 Re7 126. Rh6 Rf7 127. Rb6 Re7 128. Ra6 Rf7 129. Bf6 Ke8 130. Ke6 {
[%cal Ra6a8]} Re7+ $1 131. Kf5 Rb7 132. Be5 Rf7+ 133. Kg6 {Threatens to win
with Ra8+.} (133. Ke6 {seems wilder.} Re7+ 134. Kd5 Kf7 135. Rb6 Rd7+ 136. Ke4)
133... Rf1 134. Ra7 Kd8 135. Bf6+ Kc8 136. Kf7 Re1 137. Be7 Kb8 138. Rd7 Kc8
139. Ke8 Re2 140. Rd4 Rc2 141. Rd8+ Kb7 142. Bd6 Rc8 143. Rxc8 Kxc8 {Precisão:
Brancas 86%, Pretas 84%.} 1/2-1/2